LEADER 03156nam 22006734a 450 001 9910455448703321 005 20210519184550.0 010 $a1-282-39658-7 010 $a9786612396588 010 $a90-474-2757-2 024 7 $a10.1163/ej.9789004148741.i-62 035 $a(CKB)1000000000807699 035 $a(EBL)467579 035 $a(OCoLC)536021118 035 $a(SSID)ssj0000334872 035 $a(PQKBManifestationID)11929216 035 $a(PQKBTitleCode)TC0000334872 035 $a(PQKBWorkID)10271029 035 $a(PQKB)11410726 035 $a(MiAaPQ)EBC467579 035 $a(nllekb)BRILL9789047427575 035 $a(PPN)174398174 035 $a(Au-PeEL)EBL467579 035 $a(CaPaEBR)ebr10355191 035 $a(CaONFJC)MIL239658 035 $a(EXLCZ)991000000000807699 100 $a20080428d2008 uy 0 101 0 $aeng 135 $aur|n|---||||| 181 $ctxt 182 $cc 183 $acr 200 10$aArticle 21$b[electronic resource] $eadoption /$fby Sylvain Vite, Herve Boechat 210 $aLeiden ;$aBoston $cMartinus Nijhoff Publishers$d2008 215 $a1 online resource (78 p.) 225 1 $aA commentary on the United Nations Convention on the Rights of the Child,$x1574-8626 300 $aDescription based upon print version of record. 311 $a90-04-14874-4 320 $aIncludes bibliographical references (p. 61-62). 327 $aPreliminary Material -- Chapter One. Introduction -- Chapter Two. Comparison with Related International Instruments -- Chapter Three. Analysis of Article 21 -- Chapter Four. Conclusion -- Bibliography. 330 $aThis volume constitutes a commentary on Article 21 of the United Nations Convention on the Rights of the Child. It is part of the series, A Commentary on the United Nations Convention on the Rights of the Child , which provides an article by article analysis of all substantive, organizational and procedural provisions of the CRC and its two Optional Protocols. For every article, a comparison with related human rights provisions is made, followed by an in-depth exploration of the nature and scope of State obligations deriving from that article. The series constitutes an essential tool for actors in the field of children?s rights, including academics, students, judges, grassroots workers, governmental, non-governmental and international officers. The series is sponsored by the Belgian Federal Science Policy Office . 410 0$aCommentary on the United Nations Convention on the Rights of the Child. 606 $aChildren (International law) 606 $aChildren$xLegal status, laws, etc 606 $aAdoption$xLaw and legislation 608 $aElectronic books. 615 0$aChildren (International law) 615 0$aChildren$xLegal status, laws, etc. 615 0$aAdoption$xLaw and legislation. 676 $a341.4/8572 700 $aVite?$b Sylvain$0595816 701 $aBoe?chat$b Herve?$0876768 801 0$bMiAaPQ 801 1$bMiAaPQ 801 2$bMiAaPQ 906 $aBOOK 912 $a9910455448703321 996 $aArticle 21$91957670 997 $aUNINA LEADER 02373nam 2200601 a 450 001 9910778135403321 005 20230721022408.0 010 $a1-282-52008-3 010 $a9786612520082 010 $a0-8108-6345-6 035 $a(CKB)1000000000787924 035 $a(EBL)467438 035 $a(OCoLC)435778665 035 $a(SSID)ssj0000333823 035 $a(PQKBManifestationID)12090384 035 $a(PQKBTitleCode)TC0000333823 035 $a(PQKBWorkID)10377573 035 $a(PQKB)11261104 035 $a(MiAaPQ)EBC467438 035 $a(Au-PeEL)EBL467438 035 $a(CaPaEBR)ebr10364415 035 $a(CaONFJC)MIL252008 035 $a(EXLCZ)991000000000787924 100 $a20100331h20092005 uy 0 101 0 $aeng 135 $aur|n|---||||| 181 $ctxt 182 $cc 183 $acr 200 14$aThe A to Z of fantasy literature$b[electronic resource] /$fBrian Stableford 210 $aLanham, Md. $cScarecrow Press, Inc.$d2009, c2005 215 $a1 online resource (568 p.) 225 1 $aThe A to Z guide series ;$vno. 46 300 $aDescription based upon print version of record. 311 $a0-8108-6829-6 320 $aIncludes bibliographical references (p. 449-498). 327 $aContents; Foreword; Acknowledgments; Acronyms and Abbreviations; Chronology; Introduction; The Dictionary; Bibliography; About the Author 330 $aStableford provides an invaluable guide to this sequence of events and to the current state of the field. The dictionary includes cross-referenced entries on more than 700 authors, ranging across the entire historical spectrum, while more than 200 other entries describe the fantasy subgenres, key images in fantasy literature, technical terms used in fantasy criticism, and the intimately convoluted relationship between literary fantasies, scholarly fantasies, and lifestyle fantasies. 410 0$aA to Z guides ;$v46. 606 $aFantasy fiction$vDictionaries 606 $aFantasy fiction$vBio-bibliography 615 0$aFantasy fiction 615 0$aFantasy fiction 676 $a809.38766 676 $a809.915 700 $aStableford$b Brian M$0166066 801 0$bMiAaPQ 801 1$bMiAaPQ 801 2$bMiAaPQ 906 $aBOOK 912 $a9910778135403321 996 $aThe A to Z of fantasy literature$93843777 997 $aUNINA